000 00309nam a22001217a 4500
008 160518b xxu||||| |||| 00| 0 eng d
020 _a9781416059967
020 _a9781416059967
041 _aeng
080 _a61
245 _aEvidence based practice of anesthesology:
_cLee A. Fleisher MD ;
942 _2udc
_cBK
999 _c2185
_d2185